Henry VIII ("Money, Money, Money" by ABBA) - historyteachers - Paroles - Statistiques

Statistiques générales
  • Ce quiz a été pris 12 fois
  • Le résultat moyen est 68 sur 449
Statistiques - réponses
Hint Réponse % Correct
i
89%
a
78%
all
67%
the
44%
and
33%
day
33%
it
33%
to
33%
bro
22%
die
22%
have
22%
he
22%
- Henry
22%
Henry's
22%
again
11%
Anna
11%
Anne
11%
Aragon
11%
Arthur
11%
attractive
11%
away
11%
be
11%
before
11%
belov'd
11%
Boleyn
11%
born
11%
by
11%
care
11%
cared
11%
Catherine
11%
child
11%
chopped
11%
Cleves
11%
could
11%
cousin
11%
cry
11%
culpeper
11%
did
11%
didn't
11%
died
11%
do
11%
downfall
11%
earth
11%
Ed
11%
Edward
11%
Elizabeth
11%
England
11%
face
11%
far
11%
fate
11%
first
11%
flanders
11%
from
11%
Germany
11%
got
11%
had
11%
hadn't
11%
hair
11%
head
11%
heir
11%
Henry's
11%
her
11%
Howard
11%
if
11%
in
11%
infamous
11%
Jane
11%
Kate
11%
Katherine
11%
Kathryn
11%
kindly
11%
King
11%
king
11%
King's
11%
king's
11%
last
11%
left
11%
like
11%
little
11%
long-awaited
11%
lost
11%
love
11%
loved
11%
Lutheran
11%
many
11%
mare
11%
married
11%
marry
11%
Mary
11%
most
11%
mourn
11%
name
11%
neck
11%
nicknamed
11%
no
11%
number
11%
of
11%
oh
11%
one
11%
only
11%
Parr
11%
passed
11%
poor
11%
Prince
11%
princess
11%
red
11%
remarried
11%
right
11%
rose
11%
said
11%
see
11%
sent
11%
Seymour
11%
she
11%
sick
11%
sister
11%
Six
11%
six
11%
so
11%
son
11%
Spain
11%
survived
11%
that
11%
their
11%
they
11%
thing
11%
things
11%
this
11%
thorn
11%
tower
11%
trouble
11%
ulcered
11%
wait
11%
was
11%
we
11%
wed
11%
when
11%
win
11%
with
11%
without
11%
wives
11%
would
11%
affair
0%
after
0%
afterwards
0%
Annes
0%
annulment
0%
appeared
0%
as
0%
became
0%
betrothed
0%
birth
0%
blessing
0%
block
0%
but
0%
caused
0%
couldn't
0%
course
0%
dear
0%
delight
0%
divorce
0%
divorces
0%
fast
0%
for
0%
forced
0%
giving
0%
high
0%
his
0%
Kates
0%
lawful
0%
leg
0%
lot
0%
male
0%
meet
0%
much
0%
next
0%
not
0%
now
0%
old
0%
precious
0%
promised
0%
queen
0%
sealed
0%
sing
0%
some
0%
soon
0%
start
0%
stayed
0%
strife
0%
though
0%
three
0%
took
0%
treason
0%
true
0%
two
0%
unless
0%
upon
0%
well
0%
wife
0%
wouldn't
0%
year
0%
you
0%
Aucun quiz correspondant
Distribution des résultats
% des personnes avec chaque résultat
Percentile par nombre de réponses
Votre historique - résultats
Vous n’avez pas pris ce quiz